他社車両が乗り入れるJR九州の駅 - Statistics

General Stats
  • This quiz has been taken 188 times
  • The average score is 14 of 19
Answer Stats
Answer % Correct
博多
97%
鹿児島中央
92%
熊本
91%
新八代
91%
川内
91%
新鳥栖
90%
新大牟田
89%
久留米
88%
筑後船小屋
88%
新水俣
88%
新玉名
87%
出水
87%
筑前前原
68%
九大学研都市
55%
糸島高校前
46%
周船寺
43%
下山門
41%
今宿
39%
波多江
36%
No matching quizzes found
Score Distribution
Percent of People with Each Score
Percentile by Number Answered
Your Score History
You have not taken this quiz